Catherine of Aragon Quiz - Statistics

General Stats
  • This quiz has been taken 26 times
  • The average score is 11 of 15
Answer Stats
Question Answer % Correct
What country was she from? Spain
100%
What was the name of her second husband? Henry
95%
What was her mothers name? Isabella
95%
What was the name of her only surviving child? Mary
95%
Was she a Catholic or Protestant? Catholic
89%
What was her fathers name? Ferdinand
89%
What was the name of her first husband? Arthur
84%
What year did she arrive in England? 1501
79%
What year was she born? 1485
74%
What year did Henry divorce her? 1533
74%
What year did she die? 1536
74%
How did she die? Cancer
74%
How many siblings did she have? Four
53%
How many years was she married to King Henry VIII? 24 years
16%
How old was she when she died? 50 years old
11%
No matching quizzes found
Score Distribution
Percent of People with Each Score
Percentile by Number Answered
Your Score History
You have not taken this quiz